[Event "RHP Coorespondance"]
[Date "2007.11.26"]
[EndDate "2007.12.22"]
[Round "?"]
[White "Tomasino, James"]
[Black "Taha, Fareed"]
[WhiteRating "1785"]
[BlackRating "939"]
[WhiteElo "1785"]
[BlackElo "939"]
[Result "1-0"]
[GameId "4310860"]

1. e4 e5 2. Ng1f3 Ng8f6 3. Nb1c3 Nb8c6 4. Bf1c4 Bf8c5 5. O-O O-O 6. d3 d6 7. a3 a6 8. b4 b5 9. Bc4b3 Bc5b6 10. Nc3e2 Nc6e7 11. Ne2g3 Ne7g6 12. d4 exd4 13. Nf3xd4 Bb6xd4 14. Qd1xd4 a5 15. Bc1g5 Bc8g4 16. Bb3d5 c5 17. bxc5 Ra8c8 18. Ng3h5 Bg4xh5 19. f3 Ng6f4 20. Rf1f2 dxc5 21. Qd4e5 Nf6xd5 22. Bg5xd8 Rc8xd8 23. g4 Nf4h3 24. Kg1g2 Nh3f4 25. Kg2f1 Nd5e3 26. Kf1e1 Rd8e8 27. Qe5xf4 Ne3xc2 28. Rf2xc2 c4 29. gxh5 h6 30. a4 bxa4 31. Rc2xc4 Re8e6 32. Rc4xa4 Rf8d8 33. Qf4f5 Rd8d6 34. Ra4xa5 g6 35. Ra5a8 Re6e8 36. Ra8xe8 Kg8g7 37. hxg6 Rd6xg6 38. Ra1a7 Rg6f6 39. Qf5h3 Rf6g6 40. e5 1-0

[Event "RHP Coorespondance"]
[Date "2007.11.18"]
[EndDate "2007.11.20"]
[Round "?"]
[White "Tomasino, James"]
[Black "Hamp, David"]
[WhiteRating "1785"]
[BlackRating "1129"]
[WhiteElo "1785"]
[BlackElo "1129"]
[Result "1-0"]
[GameId "4279622"]

1. d4 d5 2. c4 Ng8f6 3. cxd5 Nf6xd5 4. e4 Nd5b6 5. Nb1c3 g6 6. Ng1f3 Bf8g7 7. e5 e6 8. Bc1g5 Qd8d7 9. Bf1b5 c6 10. Bb5d3 Nb6d5 11. Qd1a4 h6 12. Bg5f6 Nd5xf6 13. Ra1c1 Nf6d5 14. Nc3e4 Bg7f8 15. Bd3c4 b5 16. Qa4a5 bxc4 17. Rc1xc4 Bf8b4 18. Rc4xb4 Nd5xb4 19. Ne4f6 Ke8e7 20. Nf6xd7 Bc8xd7 21. Qa5xb4 Ke7e8 22. Qb4b7 c5 23. Qb7xa8 Ke8e7 24. Qa8xa7 Rh8c8 25. dxc5 Nb8c6 26. Qa7a6 Rc8e8 27. O-O f6 28. exf6 Ke7xf6 29. Rf1d1 Re8d8 30. a3 Bd7c8 31. Qa6a4 Bc8d7 32. Qa4f4 Kf6e7 33. Qf4d6 Ke7e8 34. Nf3e5 Bd7c8 35. Qd6xc6 Ke8e7 36. Ne5xg6 1-0

[Event "RHP Coorespondance"]
[Date "2007.11.16"]
[EndDate "2007.11.28"]
[Round "?"]
[White "Tomasino, James"]
[Black "Rosen, Joshua"]
[WhiteRating "1785"]
[BlackRating "1042"]
[WhiteElo "1785"]
[BlackElo "1042"]
[Result "1-0"]
[GameId "4275513"]

1. f4 d5 2. Ng1f3 f5 3. Nf3e5 Ng8h6 4. h3 Nb8c6 5. e3 e6 6. Bf1b5 Bf8c5 7. d4 Bc5b4 8. c3 Bb4d6 9. b4 Qd8h4 10. Ke1f1 Nh6g4 11. Ne5xg4 fxg4 12. Qd1xg4 Bd6e7 13. Qg4xg7 Be7f6 14. Qg7g4 e5 15. Qg4xh4 Bf6xh4 16. fxe5 Bc8f5 17. Nb1d2 Bf5d3 18. Bb5xd3 O-O-O 19. e4 Nc6xe5 20. dxe5 dxe4 21. Bd3xe4 Rh8f8 22. Be4f3 Rd8e8 23. Nd2c4 a6 24. a4 Re8d8 25. Bc1h6 Rf8f5 26. b5 Rf5f4 27. Nc4e3 Rd8d2 28. bxa6 Rd2f2 29. Kf1g1 Rf4f7 30. a7 b6 31. a8=Q Kc8d7 32. Bf3g4 Kd7e7 33. e6 Ke7d6 34. Qa8d5 Kd6e7 35. Qd5d7 Ke7f6 36. Qd7xf7 Kf6e5 1-0

[Event "RHP Coorespondance"]
[Date "2007.11.14"]
[EndDate "2007.11.15"]
[Round "?"]
[White "Hamp, David"]
[Black "Tomasino, James"]
[WhiteRating "1129"]
[BlackRating "1785"]
[WhiteElo "1129"]
[BlackElo "1785"]
[Result "0-1"]
[GameId "4263178"]

1. f4 d5 2. d4 c5 3. dxc5 Nb8c6 4. Bc1d2 f5 5. Nb1c3 Ng8f6 6. e3 e6 7. Bf1b5 Bc8d7 8. Bb5xc6 Bd7xc6 9. b4 g6 10. a4 d4 11. Nc3b5 Bc6xg2 12. Ng1f3 Bg2xh1 13. Nf3e5 dxe3 14. Bd2xe3 Nf6d5 15. Be3d2 Qd8h4 16. Ke1f1 O-O-O 17. Ne5f7 Nd5xf4 18. Nf7xd8 Qh4h3 19. Kf1f2 Qh3g2 20. Kf2e3 Qg2e4 21. Ke3f2 Nf4h3 22. Kf2g3 Qe4g2 23. Kg3h4 Bf8e7 24. Bd2g5 Be7xg5 0-1

[Event "RHP Coorespondance"]
[Date "2007.11.12"]
[EndDate "2007.11.21"]
[Round "?"]
[White "Tomasino, James"]
[Black "Lyden, John"]
[WhiteRating "1785"]
[BlackRating "977"]
[WhiteElo "1785"]
[BlackElo "977"]
[Result "1-0"]
[GameId "4256143"]

1. f4 g6 2. d4 e6 3. e3 d6 4. c4 Bc8d7 5. Nb1c3 Bd7c6 6. Bc1d2 b6 7. Bf1d3 Bc6xg2 8. Bd3e4 Qd8h4 9. Ke1e2 Bg2xe4 10. Nc3xe4 Qh4g4 11. Ng1f3 Qg4g2 12. Ne4f2 g5 13. Rh1g1 Qg2xf2 14. Ke2xf2 h6 15. fxg5 hxg5 16. Rg1xg5 Ng8h6 17. Qd1a4 c6 18. d5 b5 19. cxb5 Ke8d7 20. bxc6 Nb8xc6 21. Qa4xc6 Kd7e7 22. Qc6xa8 exd5 23. Bd2c3 f6 24. Qa8b7 Ke7e6 25. Qb7xd5 Ke6d7 26. Bc3xf6 Rh8h7 27. Ra1d1 Nh6f5 28. Qd5xf5 Kd7c7 29. Qf5xh7 Kc7c6 30. Nf3e5 dxe5 31. Qh7d7 Kc6b6 32. Rg5xe5 Bf8c5 33. Bf6d8 Kb6a6 34. Qd7c6 Bc5b6 35. Qc6a4 Bb6a5 36. Rd1d6 Ka6b7 37. Qa4xa5 Kb7a8 38. Qa5c7 1-0

[Event "RHP Coorespondance"]
[Date "2007.11.12"]
[EndDate "2007.11.12"]
[Round "?"]
[White "Tomasino, James"]
[Black "Lyden, Aimee"]
[WhiteRating "1785"]
[BlackRating "687"]
[WhiteElo "1785"]
[BlackElo "687"]
[Result "1-0"]
[GameId "4254359"]

1. e4 e6 2. Ng1f3 b5 3. Bf1xb5 g6 4. d4 Bf8b4 5. Nb1c3 Ng8f6 6. Bc1h6 Nf6g8 7. Bh6g7 Bc8b7 8. Bg7xh8 Bb7xe4 9. Nf3e5 Be4xg2 10. Rh1g1 Bg2h3 11. Qd1f3 Bb4a3 12. Qf3xf7 1-0

[Event "RHP Coorespondance"]
[Date "2007.11.11"]
[EndDate "2007.11.21"]
[Round "?"]
[White "Tomasino, James"]
[Black "Taha, Fareed"]
[WhiteRating "1785"]
[BlackRating "939"]
[WhiteElo "1785"]
[BlackElo "939"]
[Result "1-0"]
[GameId "4253456"]

1. c4 e5 2. e4 Ng8f6 3. d3 c5 4. Bc1e3 Qd8b6 5. b3 Nb8a6 6. Ng1f3 Nf6g4 7. Be3d2 d6 8. Bf1e2 f6 9. Nb1c3 g5 10. Nc3d5 Qb6d8 11. h3 Ng4xf2 12. Ke1xf2 b5 13. cxb5 Na6c7 14. Bd2a5 f5 15. Nd5xc7 Ke8d7 16. Qd1d2 g4 17. hxg4 Ra8b8 18. Nc7a6 Rb8xb5 19. Ba5xd8 Kd7xd8 20. Nf3g5 Rb5a5 21. Qd2xa5 Kd8e8 22. Na6c7 Ke8d7 23. gxf5 Bf8h6 24. Ng5f7 Rh8f8 25. Nf7xh6 1-0

[Event "RHP Coorespondance"]
[Date "2007.11.07"]
[EndDate "2007.11.09"]
[Round "?"]
[White "Hamp, David"]
[Black "Tomasino, James"]
[WhiteRating "1129"]
[BlackRating "1785"]
[WhiteElo "1129"]
[BlackElo "1785"]
[Result "0-1"]
[GameId "4236863"]

1. f4 d5 2. Ng1f3 c5 3. b3 Bc8f5 4. Bc1b2 Nb8c6 5. e3 d4 6. exd4 Nc6xd4 7. Nf3xd4 cxd4 8. Bf1d3 Bf5xd3 9. cxd3 Ng8f6 10. Nb1a3 Qd8d7 11. O-O h5 12. Qd1f3 h4 13. h3 e6 14. Na3c4 Rh8h5 15. Nc4a5 Rh5xa5 16. b4 Bf8xb4 17. Bb2xd4 Qd7xd4 18. Rf1f2 Qd4xa1 19. Rf2f1 Bb4c5 20. Kg1h2 Qa1b2 21. f5 Bc5d6 22. g3 hxg3 23. Kh2h1 Ra5xf5 24. Qf3xg3 Bd6xg3 0-1

[Event "RHP Coorespondance"]
[Date "2007.11.05"]
[EndDate "2007.11.12"]
[Round "?"]
[White "Rodrigues, Nelio"]
[Black "Tomasino, James"]
[WhiteRating "1390"]
[BlackRating "1785"]
[WhiteElo "1390"]
[BlackElo "1785"]
[Result "0-1"]
[GameId "4229582"]

1. e4 c5 2. Ng1f3 e6 3. Nb1c3 d5 4. e5 d4 5. Nc3e4 h6 6. Bf1b5 Bc8d7 7. Qd1e2 a6 8. Bb5xd7 Qd8xd7 9. d3 Nb8c6 10. Bc1d2 g5 11. g4 Nc6b4 12. Bd2xb4 cxb4 13. c3 bxc3 14. bxc3 dxc3 15. Ne4xc3 Bf8b4 16. Qe2c2 Ra8c8 17. O-O Bb4xc3 18. Ra1b1 Ng8e7 19. Rf1d1 Qd7d5 20. Kg1g2 Bc3xe5 21. Qc2e2 Be5f4 22. Kg2h3 h5 23. Qe2b2 Qd5xf3 0-1

[Event "RHP Coorespondance"]
[Date "2007.11.01"]
[EndDate "2007.11.16"]
[Round "?"]
[White "Tomasino, James"]
[Black "Rosen, Joshua"]
[WhiteRating "1785"]
[BlackRating "1042"]
[WhiteElo "1785"]
[BlackElo "1042"]
[Result "1-0"]
[GameId "4213520"]

1. f4 d5 2. d4 Nb8c6 3. e3 Ng8f6 4. Bf1d3 Bc8g4 5. Ng1f3 e6 6. O-O Nf6h5 7. c3 Nh5f6 8. f5 exf5 9. h3 Bg4h5 10. Bd3xf5 Nf6e4 11. Bf5xe4 dxe4 12. Qd1a4 Bf8d6 13. Nf3d2 h6 14. Nd2xe4 O-O 15. Ne4xd6 Qd8xd6 16. g4 Qd6g3 17. Kg1h1 Qg3xh3 18. Kh1g1 Qh3xg4 19. Kg1h1 Qg4e4 20. Kh1g1 Qe4d3 21. e4 Bh5e2 22. Rf1f2 Qd3g3 23. Rf2g2 Qg3e1 24. Kg1h2 Be2f3 25. Bc1d2 Qe1f1 26. Rg2xg7 Kg8xg7 27. Kh2g3 Qf1g2 28. Kg3f4 Qg2g4 29. Kf4e3 Qg4xe4 30. Ke3f2 h5 31. Qa4c4 h4 32. Nb1a3 Bf3h1 33. Ra1g1 Kg7f6 34. Bd2g5 Kf6f5 35. Qc4c5 Kf5e6 36. d5 Ke6d7 37. dxc6 bxc6 38. Rg1xh1 Qe4xh1 39. Qc5e7 Kd7c8 40. Qe7xf8 Kc8b7 41. Qf8xf7 Ra8h8 42. Bg5f4 Rh8c8 43. Na3c4 h3 44. Nc4d6 Kb7a6 45. Nd6xc8 Qh1g2 46. Kf2e3 Qg2g1 47. Ke3e4 Qg1g2 48. Ke4f5 h2 49. Qf7xc7 Ka6b5 50. Qc7b7 Kb5c4 51. Qb7b4 Kc4d3 52. Qb4d6 Kd3e2 53. Bf4xh2 Qg2d5 54. Qd6xd5 cxd5 55. Kf5e5 Ke2d2 1-0

[Event "RHP Coorespondance"]
[Date "2007.10.25"]
[EndDate "2007.12.17"]
[Round "?"]
[White "Seider, Bart"]
[Black "Tomasino, James"]
[WhiteRating "978"]
[BlackRating "1785"]
[WhiteElo "978"]
[BlackElo "1785"]
[Result "0-1"]
[GameId "4188366"]

1. d4 d5 2. Nb1c3 Ng8f6 3. e3 Nb8c6 4. Bf1b5 Bc8d7 5. Ng1f3 Bd7f5 6. Nf3e5 Qd8d6 7. f4 Nf6e4 8. Nc3xe4 Bf5xe4 9. O-O g6 10. a4 Bf8g7 11. c4 O-O 12. c5 Qd6f6 13. Ne5d7 Qf6e6 14. Nd7xf8 Bg7xf8 15. Bb5xc6 bxc6 16. f5 Be4xf5 17. b4 Bf5e4 18. Qd1b3 Qe6g4 19. Rf1f2 Bf8h6 20. h3 Qg4g3 21. b5 Ra8b8 22. Kg1f1 f5 23. Ra1a2 f4 24. Kf1e2 Rb8f8 25. Rf2f3 Qg3xg2 26. Ke2e1 Be4xf3 0-1

[Event "RHP Coorespondance"]
[Date "2007.10.24"]
[EndDate "2007.11.01"]
[Round "?"]
[White "Tomasino, James"]
[Black "Hamp, David"]
[WhiteRating "1785"]
[BlackRating "1129"]
[WhiteElo "1785"]
[BlackElo "1129"]
[Result "1-0"]
[GameId "4182551"]

1. Ng1f3 g6 2. g3 Bf8g7 3. d4 e6 4. Bf1g2 d5 5. Nb1d2 Nb8c6 6. c4 Ng8f6 7. b3 h5 8. cxd5 Nf6xd5 9. Nd2c4 a5 10. Nc4e5 Nc6xe5 11. dxe5 O-O 12. O-O Qd8e7 13. e4 Nd5b4 14. Bc1g5 Qe7c5 15. Ra1c1 b6 16. Rc1xc5 bxc5 17. Bg5e7 Bc8a6 18. Be7xc5 Rf8d8 19. Nf3d4 Ba6xf1 20. Bg2xf1 Bg7xe5 21. Qd1f3 Be5xd4 22. Bc5e7 Bd4xf2 23. Qf3xf2 Rd8d1 24. Be7xb4 axb4 25. e5 Ra8a5 26. Qf2e2 Ra5d5 27. Kg1f2 c5 28. Qe2f3 Rd1d2 29. Bf1e2 Rd2xa2 30. h4 Rd5xe5 31. Qf3c6 Re5xe2 32. Kf2f3 f5 33. Kf3f4 Ra2a7 34. Kf4g5 c4 35. Kg5xg6 cxb3 36. Qc6c8 1-0

[Event "RHP Coorespondance"]
[Date "2007.10.23"]
[EndDate "2007.11.07"]
[Round "?"]
[White "Tomasino, James"]
[Black "Taha, Fareed"]
[WhiteRating "1785"]
[BlackRating "939"]
[WhiteElo "1785"]
[BlackElo "939"]
[Result "1-0"]
[GameId "4178980"]

1. Ng1f3 a5 2. g3 Ra8a6 3. Bf1g2 Ra6e6 4. O-O d5 5. d3 f5 6. Nb1d2 Ng8f6 7. b3 b5 8. Bc1b2 Nb8c6 9. c4 bxc4 10. bxc4 dxc4 11. Nd2xc4 g6 12. Qd1a4 Qd8d7 13. Nf3g5 Re6xe2 14. Bg2xc6 Re2xb2 15. Bc6xd7 Bc8xd7 16. Qa4xa5 Rb2d2 17. Qa5a8 Bd7c8 18. Qa8xc8 1-0

[Event "RHP Coorespondance"]
[Date "2007.10.19"]
[EndDate "2007.10.23"]
[Round "?"]
[White "Lyden, John"]
[Black "Tomasino, James"]
[WhiteRating "977"]
[BlackRating "1785"]
[WhiteElo "977"]
[BlackElo "1785"]
[Result "0-1"]
[GameId "4164185"]

1. c4 e5 2. Nb1c3 f5 3. Ng1f3 Nb8c6 4. d4 d6 5. e4 f4 6. g4 Bc8xg4 7. d5 Nc6a5 8. Qd1a4 c6 9. b4 Bg4xf3 10. Rh1g1 Qd8h4 11. Qa4xa5 Qh4xh2 12. Qa5c7 Qh2xg1 13. Qc7xb7 Ra8d8 14. Qb7xc6 Rd8d7 15. Qc6c8 Ke8e7 16. c5 Bf3g2 17. cxd6 Rd7xd6 18. Qc8b7 Rd6d7 19. d6 Ke7xd6 20. Nc3b5 Kd6e7 21. Qb7xd7 Ke7xd7 22. Ke1d2 Qg1xf1 23. Nb5xa7 Qf1xf2 24. Kd2d3 Qf2xa7 25. a3 Bf8xb4 26. Ra1a2 Qa7d4 27. Kd3c2 Bg2xe4 28. Kc2b3 Be4d5 29. Kb3a4 Bb4d2 30. Ka4b5 Bd2xc1 31. Ra2e2 Bd5c4 32. Kb5a4 Bc4xe2 33. Ka4b3 Qd4c4 0-1

[Event "RHP Coorespondance"]
[Date "2007.10.18"]
[EndDate "2007.10.23"]
[Round "?"]
[White "Taha, Fareed"]
[Black "Tomasino, James"]
[WhiteRating "939"]
[BlackRating "1785"]
[WhiteElo "939"]
[BlackElo "1785"]
[Result "0-1"]
[GameId "4160568"]

1. e4 c5 2. b3 d5 3. f3 Ng8f6 4. exd5 Qd8xd5 5. Bf1b5 Nb8c6 6. Bb5a4 Bc8d7 7. c3 e5 8. c4 Qd5d4 9. Ng1e2 Qd4h4 10. g3 Qh4h3 11. Ne2c3 Qh3g2 12. Rh1f1 Qg2xh2 13. Nc3b5 O-O-O 14. Nb5xa7 Nc6xa7 15. d4 Qh2xg3 16. Ke1d2 Bd7xa4 17. bxa4 cxd4 18. Rf1e1 Na7c6 19. Re1e4 Nf6xe4 20. fxe4 Qg3f2 21. Kd2d3 Nc6b4 0-1

[Event "RHP Coorespondance"]
[Date "2007.10.17"]
[EndDate "2007.11.01"]
[Round "?"]
[White "Rosen, Joshua"]
[Black "Tomasino, James"]
[WhiteRating "1042"]
[BlackRating "1785"]
[WhiteElo "1042"]
[BlackElo "1785"]
[Result "0-1"]
[GameId "4156187"]

1. d4 d5 2. c4 e6 3. Nb1c3 c6 4. Bc1f4 Nb8d7 5. Ng1f3 Ng8f6 6. e3 dxc4 7. Nf3h4 b5 8. b4 Bf8xb4 9. e4 Bb4xc3 10. Bf4d2 Bc3xa1 11. Qd1xa1 Nf6xe4 12. Bd2f4 Qd8xh4 13. g3 Qh4g4 14. Qa1b2 Qg4f3 15. Rh1g1 c3 16. Qb2b3 Qf3xf2 17. Ke1d1 Qf2xg1 18. Kd1e2 Qg1f2 19. Ke2d3 Qf2xf1 20. Kd3xe4 f5 21. Ke4e3 Nd7f6 22. Bf4e5 Nf6e4 23. d5 Qf1f2 24. Ke3d3 Qf2d2 0-1

[Event "RHP Coorespondance"]
[Date "2007.10.17"]
[EndDate "2007.10.19"]
[Round "?"]
[White "Hamp, David"]
[Black "Tomasino, James"]
[WhiteRating "1129"]
[BlackRating "1785"]
[WhiteElo "1129"]
[BlackElo "1785"]
[Result "0-1"]
[GameId "4155937"]

1. e4 c5 2. d4 cxd4 3. Bf1d3 e5 4. Ng1f3 Nb8c6 5. O-O Bf8e7 6. c3 d6 7. b4 Bc8g4 8. Qd1a4 a6 9. Nf3d2 Be7h4 10. b5 axb5 11. Qa4xb5 Qd8d7 12. Qb5d5 O-O-O 13. Bc1a3 Qd7e7 14. Nd2c4 Ng8f6 15. Nc4xd6 Kc8b8 16. Qd5b5 Rd8xd6 17. Qb5b3 Bg4f3 18. Bd3a6 Nc6d8 19. Ba3xd6 Qe7xd6 20. Nb1d2 Bf3xg2 21. Kg1xg2 Qd6xa6 22. Nd2f3 g5 23. cxd4 Rh8g8 24. dxe5 Nf6xe4 25. Nf3d4 g4 26. Rf1e1 g3 27. hxg3 Ne4d2 28. e6 Nd2xb3 29. axb3 Qa6d3 30. Nd4f5 Qd3xf5 31. e7 Qf5d5 32. Kg2g1 Bh4xe7 33. Re1xe7 Qd5d4 34. Ra1e1 Rg8xg3 35. Kg1h2 Qd4h4 0-1

[Event "RHP Coorespondance"]
[Date "2007.10.16"]
[EndDate "2007.10.19"]
[Round "?"]
[White "Lyden, John"]
[Black "Tomasino, James"]
[WhiteRating "977"]
[BlackRating "1785"]
[WhiteElo "977"]
[BlackElo "1785"]
[Result "0-1"]
[GameId "4152954"]

1. a4 e5 2. b4 d5 3. c3 Ng8f6 4. c4 Bf8xb4 5. Qd1b3 c5 6. e4 dxe4 7. Ng1e2 Nb8c6 8. Bc1a3 Bb4a5 9. Ba3xc5 b6 10. Bc5e3 Nf6g4 11. f3 Ng4xe3 12. Qb3xe3 exf3 13. Qe3xf3 g6 14. Qf3xc6 Bc8d7 15. Qc6b7 O-O 16. g3 Bd7f5 17. Nb1a3 Qd8xd2 18. Ke1f2 Bf5g4 19. c5 Ba5c3 20. Bf1g2 Bc3d4 21. Kf2f1 Qd2xe2 0-1

[Event "RHP Coorespondance"]
[Date "2007.10.16"]
[EndDate "2007.10.17"]
[Round "?"]
[White "Tomasino, James"]
[Black "Hamp, David"]
[WhiteRating "1785"]
[BlackRating "1129"]
[WhiteElo "1785"]
[BlackElo "1129"]
[Result "1-0"]
[GameId "4151995"]

1. e4 d6 2. d4 c5 3. Ng1f3 Nb8c6 4. Nb1c3 e5 5. d5 Bc8d7 6. a3 g6 7. Bc1d2 Bf8h6 8. g3 Bh6xd2 9. Qd1xd2 h5 10. Nc3b5 Bd7g4 11. Bf1g2 Ng8f6 12. h3 Nf6xe4 13. Qd2e2 f5 14. hxg4 Nc6d4 15. Nf3xd4 cxd4 16. gxf5 gxf5 17. O-O-O a6 18. Rh1xh5 Rh8f8 19. Rh5h7 Rf8f7 20. Rh7h8 Rf7f8 21. Qe2h5 Ke8e7 22. Rh8h7 Ke7f6 23. Qh5h6 1-0

[Event "RHP Coorespondance"]
[Date "2007.10.16"]
[EndDate "2007.10.17"]
[Round "?"]
[White "Tomasino, James"]
[Black "Rosen, Joshua"]
[WhiteRating "1785"]
[BlackRating "1042"]
[WhiteElo "1785"]
[BlackElo "1042"]
[Result "1-0"]
[GameId "4151921"]

1. e4 e5 2. Ng1f3 Nb8c6 3. d4 exd4 4. Nf3xd4 Nc6xd4 5. Qd1xd4 Qd8f6 6. Qd4c3 c6 7. f4 d5 8. e5 Qf6h4 9. g3 Qh4e7 10. a4 Bc8g4 11. a5 O-O-O 12. a6 bxa6 13. Bf1xa6 Kc8d7 14. Ba6b7 Qe7e6 15. Ra1xa7 g5 16. Bb7xc6 Kd7c8 17. Bc6xd5 Kc8b8 18. Qc3c7 1-0

[Event "RHP Coorespondance"]
[Date "2007.10.15"]
[EndDate "2007.10.16"]
[Round "?"]
[White "Tomasino, James"]
[Black "Lyden, John"]
[WhiteRating "1785"]
[BlackRating "977"]
[WhiteElo "1785"]
[BlackElo "977"]
[Result "1-0"]
[GameId "4149014"]

1. d4 d5 2. c4 g6 3. Nb1c3 Bf8g7 4. Ng1f3 f5 5. cxd5 c6 6. dxc6 bxc6 7. e4 e5 8. Bc1g5 Ng8f6 9. Nf3xe5 fxe4 10. Bf1c4 c5 11. Ne5f7 Qd8b6 12. dxc5 Qb6xc5 13. Qd1d8 1-0

[Event "RHP Coorespondance"]
[Date "2007.10.13"]
[EndDate "2007.10.16"]
[Round "?"]
[White "Tomasino, James"]
[Black "Seider, Bart"]
[WhiteRating "1785"]
[BlackRating "978"]
[WhiteElo "1785"]
[BlackElo "978"]
[Result "1-0"]
[GameId "4141564"]

1. e4 d5 2. exd5 Qd8xd5 3. Nb1c3 Qd5e6 4. Bf1e2 b6 5. d4 c5 6. Ng1f3 g6 7. d5 Qe6d7 8. Be2b5 Qd7xb5 9. Nc3xb5 Nb8a6 10. d6 exd6 11. Nb5xd6 Ke8d7 12. Nd6xf7 1-0

[Event "RHP Coorespondance"]
[Date "2007.10.13"]
[EndDate "2007.10.16"]
[Round "?"]
[White "Tomasino, James"]
[Black "Hamp, David"]
[WhiteRating "1785"]
[BlackRating "1129"]
[WhiteElo "1785"]
[BlackElo "1129"]
[Result "1-0"]
[GameId "4141075"]

1. c4 c5 2. Nb1c3 Nb8c6 3. g3 g6 4. Bf1g2 Nc6d4 5. d3 d6 6. e4 e5 7. Ng1f3 Bc8g4 8. h3 Qd8d7 9. hxg4 Qd7xg4 10. Rh1h4 Qg4d7 11. Nc3d5 f5 12. Bc1g5 fxe4 13. Bg5f6 Bf8g7 14. Nf3xd4 Bg7xf6 15. Bg2h3 Qd7d8 16. Qd1a4 Qd8d7 17. Qa4xd7 Ke8f8 18. Nd4e6 1-0

[Event "RHP Coorespondance"]
[Date "2007.10.12"]
[EndDate "2007.10.18"]
[Round "?"]
[White "Taha, Fareed"]
[Black "Tomasino, James"]
[WhiteRating "939"]
[BlackRating "1785"]
[WhiteElo "939"]
[BlackElo "1785"]
[Result "0-1"]
[GameId "4138533"]

1. e4 c6 2. d3 d5 3. d4 dxe4 4. b3 Ng8f6 5. g3 b5 6. Nb1d2 e6 7. c3 Bf8d6 8. Qd1e2 Bc8a6 9. f3 c5 10. fxe4 O-O 11. Bc1a3 b4 12. Nd2c4 bxa3 13. e5 Nf6e8 14. exd6 Ne8xd6 15. Nc4xa3 Ba6xe2 16. Ng1xe2 Nb8c6 17. Bf1g2 Ra8c8 18. dxc5 Nd6f5 19. Bg2h3 Nf5e3 20. Na3b5 Ne3c2 21. Ke1f2 Qd8f6 22. Kf2g1 Nc2xa1 23. Kg1g2 Na1c2 24. Rh1d1 Nc2e3 0-1

[Event "RHP Coorespondance"]
[Date "2007.10.11"]
[EndDate "2007.10.13"]
[Round "?"]
[White "Hamp, David"]
[Black "Tomasino, James"]
[WhiteRating "1129"]
[BlackRating "1785"]
[WhiteElo "1129"]
[BlackElo "1785"]
[Result "0-1"]
[GameId "4135496"]

1. e4 c5 2. f4 d5 3. e5 Nb8c6 4. Bf1b5 Bc8d7 5. Nb1c3 d4 6. Nc3e4 f6 7. Ng1f3 g6 8. d3 f5 9. Ne4xc5 e6 10. c4 Bf8xc5 11. a3 Ng8h6 12. b4 Bc5e7 13. Bc1d2 Nh6g4 14. c5 Nc6xe5 15. fxe5 Bd7xb5 16. Qd1c1 Bb5xd3 17. g3 Qd8d5 18. h4 Qd5xf3 19. Rh1g1 Qf3e2 0-1

[Event "RHP Coorespondance"]
[Date "2007.10.10"]
[EndDate "2007.10.11"]
[Round "?"]
[White "Tomasino, James"]
[Black "Hamp, David"]
[WhiteRating "1785"]
[BlackRating "1129"]
[WhiteElo "1785"]
[BlackElo "1129"]
[Result "1-0"]
[GameId "4130494"]

1. d4 d5 2. c4 c6 3. Nb1c3 Bc8e6 4. c5 Qd8a5 5. Bc1d2 Nb8d7 6. Nc3xd5 Qa5d8 7. Nd5c3 Nd7xc5 8. dxc5 Ng8f6 9. e4 Qd8d4 10. Ng1h3 Be6xh3 11. gxh3 e5 12. Bd2e3 Qd4b4 13. Ra1b1 Bf8xc5 14. Be3xc5 Qb4xc5 15. Bf1g2 O-O 16. O-O Ra8d8 17. Qd1f3 Qc5c4 18. Rb1c1 g6 19. Qf3xf6 Rd8d2 20. h4 b5 21. Nc3d5 Qc4xa2 22. Nd5e7 1-0

[Event "RHP Coorespondance"]
[Date "2007.10.10"]
[EndDate "2007.10.12"]
[Round "?"]
[White "Taha, Fareed"]
[Black "Tomasino, James"]
[WhiteRating "939"]
[BlackRating "1785"]
[WhiteElo "939"]
[BlackElo "1785"]
[Result "0-1"]
[GameId "4129937"]

1. c4 e5 2. Ng1f3 Nb8c6 3. e3 e4 4. a4 exf3 5. gxf3 d6 6. f4 Bc8f5 7. e4 Bf5xe4 8. f3 Be4f5 9. h4 Nc6b4 10. Nb1c3 Nb4c2 11. Ke1f2 Nc2xa1 12. d4 Qd8e7 13. Nc3d5 Qe7d7 14. Rh1g1 O-O-O 15. b4 c6 16. Nd5c3 Na1c2 17. Qd1d3 Bf5xd3 18. Bf1xd3 Nc2xd4 19. c5 d5 20. Bc1e3 Nd4f5 21. Bd3xf5 Qd7xf5 22. Kf2e1 d4 23. Be3xd4 Rd8xd4 24. a5 Qf5e6 25. Ke1f2 Rd4d2 26. Kf2g3 Qe6g6 0-1

[Event "RHP Coorespondance"]
[Date "2007.10.09"]
[EndDate "2007.10.16"]
[Round "?"]
[White "Tomasino, James"]
[Black "Rosen, Joshua"]
[WhiteRating "1785"]
[BlackRating "1042"]
[WhiteElo "1785"]
[BlackElo "1042"]
[Result "1-0"]
[GameId "4127423"]

1. d4 d5 2. c4 c6 3. Nb1c3 Ng8f6 4. a4 e6 5. b4 Qd8d6 6. Ra1b1 h6 7. c5 Qd6d7 8. e3 e5 9. g3 exd4 10. Qd1xd4 Qd7f5 11. Bf1g2 Nf6e4 12. Nc3xe4 dxe4 13. Bg2xe4 Qf5g4 14. b5 Bc8d7 15. f3 Qg4g5 16. f4 Qg5d8 17. bxc6 Nb8xc6 18. Qd4c3 Qd8a5 19. Qc3xa5 Nc6xa5 20. Bc1d2 Na5c4 21. Ng1f3 Nc4xd2 22. Nf3xd2 Bd7xa4 23. Be4xb7 Ra8d8 24. Nd2c4 Bf8xc5 25. Bb7a6 O-O 26. e4 Rd8d4 27. e5 Rf8e8 28. Ke1e2 Ba4c6 29. h4 Rd4e4 30. Ke2d3 Re8d8 31. Kd3c3 f6 32. Rh1f1 fxe5 33. Nc4xe5 Re4e3 34. Ba6d3 Bc6g2 35. Rf1g1 Re3xg3 36. Kc3c4 Rd8c8 37. Rb1b5 Bc5xg1 38. Kc4b4 g5 39. Bd3c4 Kg8f8 40. Ne5g6 Kf8e8 41. Rb5e5 Ke8d7 42. Bc4e6 Kd7d6 43. Be6xc8 gxf4 44. Re5e6 Kd6d5 45. Ng6xf4 Kd5d4 46. Nf4e2 Kd4d3 47. Ne2xg3 Bg2f3 48. Bc8a6 Kd3d4 49. Ng3f5 Kd4d5 50. Ba6c4 1-0

[Event "RHP Coorespondance"]
[Date "2007.10.09"]
[EndDate "2007.10.10"]
[Round "?"]
[White "Taha, Fareed"]
[Black "Tomasino, James"]
[WhiteRating "939"]
[BlackRating "1785"]
[WhiteElo "939"]
[BlackElo "1785"]
[Result "0-1"]
[GameId "4127329"]

1. d4 Ng8f6 2. e3 d5 3. c3 Nb8d7 4. Ng1f3 c5 5. Bf1b5 cxd4 6. Nf3xd4 g6 7. b3 Bf8g7 8. Nb1d2 O-O 9. h4 Nd7c5 10. O-O Qd8d6 11. b4 Nf6g4 12. Bb5e2 Qd6h2 0-1

[Event "Clan RHP Coorespondance"]
[Date "2007.10.09"]
[EndDate "2007.12.16"]
[Round "?"]
[White "Tomasino, James"]
[Black "hjhitman"]
[WhiteRating "1785"]
[BlackRating "1319"]
[WhiteElo "1785"]
[BlackElo "1319"]
[Result "1-0"]
[GameId "4127180"]

1. e4 e5 2. Ng1f3 d5 3. exd5 Qd8xd5 4. Nb1c3 Qd5d6 5. d4 f6 6. Bf1d3 exd4 7. Nc3b5 Qd6b6 8. Nb5xd4 Bf8c5 9. c3 Bc5xd4 10. Nf3xd4 Ng8e7 11. O-O O-O 12. Bd3c4 Kg8h8 13. Rf1e1 Ne7c6 14. Qd1h5 Nc6xd4 15. Bc4d3 f5 16. Bc1e3 c5 17. cxd4 cxd4 18. Be3f4 g6 19. Bf4e5 Kh8g8 20. Qh5h6 Rf8f7 21. Bd3c4 Bc8e6 22. Bc4xe6 Qb6xe6 23. Be5xd4 Qe6d7 24. Ra1d1 Qd7d8 25. f4 Nb8c6 26. Bd4c5 Qd8f6 27. g3 Qf6g7 28. Qh6h3 Qg7xb2 29. Rd1a1 b6 30. Bc5d6 Qb2d4 31. Kg1h1 Qd4xd6 32. Qh3g2 Ra8d8 33. h4 h5 34. Kh1h2 Rf7e7 35. Ra1d1 Qd6c7 36. Re1xe7 Nc6xe7 37. Rd1xd8 1-0

[Event "Clan RHP Coorespondance"]
[Date "2007.10.09"]
[EndDate "2007.11.21"]
[Round "?"]
[White "hjhitman"]
[Black "Tomasino, James"]
[WhiteRating "1319"]
[BlackRating "1785"]
[WhiteElo "1319"]
[BlackElo "1785"]
[Result "0-1"]
[GameId "4127179"]

1. e4 c5 2. d4 cxd4 3. Qd1xd4 Nb8c6 4. Qd4e3 e5 5. c3 d5 6. Bf1b5 Ng8f6 7. Ng1f3 d4 8. cxd4 Bf8b4 9. Bc1d2 Bc8d7 10. Nf3xe5 a5 11. a3 Bb4xd2 12. Nb1xd2 Nc6xe5 13. dxe5 Nf6g4 14. Bb5xd7 Qd8xd7 15. Nd2f3 Ng4xe3 16. fxe3 Ra8d8 17. O-O Qd7d3 18. Kg1f2 Qd3xe4 19. Ra1c1 g5 20. Rc1d1 Qe4c2 21. Kf2g1 Rd8xd1 22. h3 Qc2e2 23. Rf1e1 Rd1xe1 0-1